Gaming Quiz

Random Gaming or Video Games Quiz

Top Selling Xbox 360 Games Quiz Stats

 Plays Quiz Updated Jun 11, 2018

Score 0/20 Timer 05:00
5 Plays Today
Units Sold Game % Correct
13.01 MillionCall of Duty: Black Ops II
85%
14.24 MillionGrand Theft Auto V
64%
10.74 MillionGrand Theft Auto IV
60.5%
14.29 MillionCall of Duty: Modern Warfare 3
55.5%
6.68 MillionGears of War 2
52%
11.93 MillionHalo 3
48.6%
13.26 MillionCall of Duty Modern Warfare 2
43.5%
7.11 MillionCall of Duty: World at War
43.5%
12.00 MillionMinecraft
35.5%
8.98 MillionCall of Duty: Ghosts
33.6%
Units Sold Game % Correct
9.11 MillionHalo 4
29.5%
8.08 MillionThe Elder Scrolls V: Skyrim
29.5%
6.05 MillionGears of War
28.5%
9.08 MillionCall of Duty 4: Modern Warfare
26.5%
6.25 MillionHalo 3:ODST
24.6%
14.09 MillionCall of Duty: Black Ops
21.8%
7.17 MillionBattlefield 3
17.6%
9.60 MillionHalo: Reach
16.2%
6.05 MillionGears of War 3
10.5%
21.17 MillionKinect Adventures!
4.5%

You're not logged in!

Compare scores with friends on all Sporcle quizzes.
OR
Log In

Sporcle TV

Today on Sporcle TV


Watch our educational content, quiz creation guides, and fun videos on Sporcle TV.

Show Comments

Extras

Top Quizzes Today


Score Distribution

Your Account Isn't Verified!

In order to create a playlist on Sporcle, you need to verify the email address you used during registration. Go to your Sporcle Settings to finish the process.

Report this User

Report this user for behavior that violates our Community Guidelines.

Details: